| 000 | 00718nam a2200217 i 4500 | ||
|---|---|---|---|
| 001 | 49042 | ||
| 003 | ES-MaACL | ||
| 005 | 20230906161854.0 | ||
| 007 | t| | ||
| 008 | 030707m19631967sp ||||1| spa d | ||
| 080 | _a821.134.2-94"19" | ||
| 080 | _a929 Barga, Corpus | ||
| 100 | 0 |
_aBarga, Corpus, _d1887-1975 _925629 |
|
| 245 | 1 | 4 |
_aLos pasos contados : _buna vida espaƱola a caballo en dos siglos (1887-1957) / _cCorpus Barga. |
| 260 |
_aBarcelona : _bEDHASA, _c1963-1967. |
||
| 300 |
_a<1, 4>. ; _c20 cm. |
||
| 505 | 8 | _aContiene: 1. Mi familia; El mundo de mi infancia - 4. Los galgos verdugos | |
| 600 | 0 | 4 |
_aBarga, Corpus, _d1887-1975 _925629 |
| 852 |
_aES-MaACL _jP-567-bis |
||
| 999 |
_c49042 _d49042 |
||